Teoría cuentística del siglo XX : aproximaciones hispánicas /
Compilación de textos en que se explora la teoría del cuento como género literario en Latinoamérica. Se trata de ensayos escritos en español que reflexionan sobre la teoría literaria en este idioma.
保存先:
| 第一著者: | |
|---|---|
| フォーマット: | 図書 |
| 言語: | スペイン語 |
| 出版事項: |
Miami, EUA :
Universal,
1989, c1989
|
| シリーズ: | (Textos)
|
| 主題: | |
| タグ: |
タグなし, このレコードへの初めてのタグを付けませんか!
|
MARC
| LEADER | 00000nam^a2200000^a^4500 | ||
|---|---|---|---|
| 001 | 000153928 | ||
| 005 | 20250521000000.0 | ||
| 009 | 20260310100336.757 | ||
| 020 | |a 0-89729-485-8 | ||
| 037 | |a Acervo ITESO - Biblioteca | ||
| 041 | |a ESP | ||
| 082 | |a 809. 304 |b VAN | ||
| 100 | |a Vanderplaats de Vallejo, Catharina |e (comp.) | ||
| 245 | 1 | 0 | |a Teoría cuentística del siglo XX : |b aproximaciones hispánicas / |c Comp. de C. Vanderplaats de Vallejo. |
| 264 | 4 | |a Miami, EUA : |b Universal, |c 1989, c1989 | |
| 300 | |a 278 p. | ||
| 336 | |a texto |b txt |2 rdacontenido | ||
| 337 | |a sin mediación |b n |2 rdamedio | ||
| 338 | |a volumen |b nc |2 rdasoporte | ||
| 440 | 1 | |a (Textos) | |
| 520 | |a Compilación de textos en que se explora la teoría del cuento como género literario en Latinoamérica. Se trata de ensayos escritos en español que reflexionan sobre la teoría literaria en este idioma. | ||
| 649 | |a XX | ||
| 650 | |a Cuentos - |x Teoría | ||
| 650 | |a Cuentos - |x Historia y Crítica | ||
| 650 | |a Literatura - |x Teoría | ||
| 650 | |a Literatura - |x Historia y Crítica | ||
| 650 | |a Literatura Latinoamericana - |x Teoría | ||
| 650 | |a Literatura Española - |x Teoría | ||
| 910 | |a Fondo General | ||
| 920 | |a Impresos - Libros | ||
| 930 | |a Colección General | ||
| 940 | |a Literatura | ||
| 905 | |a 101 | ||
| 901 | |a 0500085628 |b IT1 |c LIT |u 20250521 | ||
| 902 | |a https://opac.biblio.iteso.mx/vufind/Record/000153928 | ||